000 00739nam a2200205 a 4500
001 000271448
003 AM-YeHGA
005 20250618071805.0
008 031013s1960 ai a||||r|||||||||1|arm|d
040 _aAM-YeHGA
041 0 _aarm
100 1 _aՎարդանյան, Հայկ Վարդանի,
_d1926-1995
_92801
245 1 0 _aՊատմվածքներ /
_cՀ. Վ. Վարդանյան ; Խմբ.՝ Օ. Սանահյան.
260 _aԵրևան :
_bՀայպետհրատ,
_c1960.
300 _a70 էջ :
_bնկ. ;
_c20 սմ.
650 1 4 _aՀայ մանկական գրականություն
_xՊատմվածք
700 1 _aՍանահյան, Օլգա Հարությունի,
_d1920-2013
_eխմբ.
_4edt
_92345
942 _2udc
_cBK
090 _c99595
999 _c98285
_d98285